[Event "Challenge"]
[Site "http://www.queenalice.com/game.php?id=1142485"]
[Date "2013.1.19"]
[Round "-"]
[White "kite_like_manner"]
[Black "Paulsains"]
[Result "0-1"]
[WhiteElo "1163"]
[BlackElo "1798"]

1. h4 e5 2. d4 e4 3. Bg5 Be7 4. Qd2 Nf6 5. Nf3 exf3 6. gxf3 O-O 7. h5 Nd5 8. Rg1
f6 9. Bh4 Qe8 10. Qa5 c6 11. e4 Bb4+ 12. Qxb4 Nxb4 13. Bc4+ d5 14. Na3 dxc4 15.
O-O-O Nxa2+ 16. Kd2 Qxh5 17. Rg4 Bxg4 18. fxg4 Qxh4 0-1

[Event "lets play, eh?"]
[Site "http://www.queenalice.com/game.php?id=1142488"]
[Date "2013.1.19"]
[Round "-"]
[White "kite_like_manner"]
[Black "Aldino"]
[Result "0-1"]
[WhiteElo "1100"]
[BlackElo "2141"]

1. d4 d5 2. h4 h5 3. Rh3 Bxh3 4. Nxh3 e6 5. c3 Nf6 6. e4 Nxe4 7. Qf3 Qxh4 8.
Bb5+ c6 9. Ba4 Be7 10. g3 Qxh3 11. Nd2 Nxd2 12. Bxd2 Qg4 13. Qd1 Qxd1+ 14. Rxd1
Nd7 15. b4 b5 16. Bc2 Nb6 17. a4 Nc4 18. Bf4 g5 19. Bc7 Rc8 20. Ba5 Nxa5 21.
bxa5 f5 22. axb5 cxb5 23. Rb1 Rxc3 24. Bb3 a6 25. Kd2 Bb4 26. Bc2 Bxa5 27. Ra1
Ra3+ 28. Kc1 Rxa1+ 29. Bb1 Be1 30. g4 hxg4 0-1

[Event "ciao. want to play?"]
[Site "http://www.queenalice.com/game.php?id=1143148"]
[Date "2013.1.21"]
[Round "-"]
[White "kite_like_manner"]
[Black "nuage"]
[Result "0-1"]
[WhiteElo "1081"]
[BlackElo "1749"]

1. h4 d5 2. d4 Nc6 3. e4 dxe4 4. d5 Nb4 5. c3 Nxd5 6. Nd2 e3 7. fxe3 Nxe3 8. Qf3
Nc2+ 9. Kd1 Nxa1 10. Bb5+ c6 11. Bxc6+ Bd7 12. Bxb7 Rb8 13. Nc4 Bg4+ 14. Nd6+
Qxd6+ 15. Bd2 Bxf3+ 0-1

[Event "Challenge"]
[Site "http://www.queenalice.com/game.php?id=1143154"]
[Date "2013.1.21"]
[Round "-"]
[White "kite_like_manner"]
[Black "The_Clown"]
[Result "0-1"]
[WhiteElo "1130"]
[BlackElo "1610"]

1. e4 e5 2. d4 exd4 3. h4 Nc6 4. Bg5 f6 5. Bf4 d5 6. exd5 Qxd5 7. c4 Qe4+ 8. Ne2
d3 9. f3 Qxc4 10. b3 Qb4+ 11. Nbc3 dxe2 12. Bxe2 Qxc3+ 13. Bd2 Qe5 14. f4 Qe4
15. Rh3 Qxg2 16. Re3+ Nge7 17. Bf1 Qg1 18. h5 Bh3 19. Qf3 Bxf1 20. O-O-O Nd4 21.
Qxb7 Rc8 22. Rxe7+ Kxe7 23. Qxc8 Ne2+ 24. Kc2 Nd4+ 0-1

[Event "."]
[Site "http://www.queenalice.com/game.php?id=1143184"]
[Date "2013.1.21"]
[Round "-"]
[White "Camy"]
[Black "kite_like_manner"]
[Result "1-0"]
[WhiteElo "1681"]
[BlackElo "1100"]

1. d4 d5 2. c4 e5 3. dxe5 Bb4+ 4. Bd2 Bxd2+ 5. Nxd2 a6 6. cxd5 Qxd5 7. Qa4+ b5
8. Qe4 c6 9. e3 a5 10. Qxd5 cxd5 11. Bxb5+ Bd7 12. Bd3 Na6 13. Ngf3 Nb4 14. Bb1
Nh6 15. O-O a4 16. a3 Bb5 17. axb4 Bxf1 18. Nxf1 Rc8 19. Rxa4 O-O 20. b5 Rc1 21.
Bd3 g5 22. Nxg5 Ng4 23. Bxh7+ Kh8 24. Rxg4 f6 25. exf6 Rxf6 26. Rd4 Rh6 27. Bd3
Rh5 28. Rg4 Rd1 29. Nf7# 1-0

[Event "would you like to play?"]
[Site "http://www.queenalice.com/game.php?id=1143185"]
[Date "2013.1.21"]
[Round "-"]
[White "dbwright308"]
[Black "kite_like_manner"]
[Result "1-0"]
[WhiteElo "1265"]
[BlackElo "1163"]

1. e4 h5 2. e5 d6 3. Nf3 e6 4. g3 f5 5. Bg2 dxe5 6. Nxe5 Qd6 7. Ng6 Rh6 8. Nf4
Qe5+ 9. Ne2 c6 10. O-O h4 11. Re1 hxg3 12. Nxg3 Qc5 13. b3 f4 14. Ba3 Qg5 15.
Ne4 Qh4 16. Bxf8 Qxh2+ 17. Kf1 Qh1+ 18. Bxh1 Rxh1+ 19. Kg2 Rh6 20. Bxg7 Rg6+ 21.
Kf1 e5 22. Qh5 Ne7 23. Qxe5 Bh3+ 24. Ke2 Nd7 25. Nd6+ Kd8 26. Nxb7+ Ke8 27. Qxf4
Re6+ 28. Kd1 Ng6 29. Rxe6+ Ne7 30. Rxe7+ Kxe7 31. Qe3+ 1-0

[Event "hey."]
[Site "http://www.queenalice.com/game.php?id=1143206"]
[Date "2013.1.21"]
[Round "-"]
[White "Katham15"]
[Black "kite_like_manner"]
[Result "1-0"]
[WhiteElo "1029"]
[BlackElo "1061"]

1. c3 c5 2. e4 h5 3. Be2 Nf6 4. d3 d5 5. Bf3 Bg4 6. Qa4+ Nc6 7. Bf4 dxe4 8. dxe4
b5 9. Qxb5 Qb8 10. Qxb8+ Nxb8 11. e5 Nfd7 12. Nd2 Nc6 13. Nc4 Ncxe5 14. Nxe5 Nf6
15. h3 Be6 16. Ne2 g5 17. Bxg5 Rg8 18. Be3 Nd5 19. Bxc5 O-O-O 20. O-O Bxh3 21.
c4 Bg7 22. Bd4 1-0

[Event "Challenge"]
[Site "http://www.queenalice.com/game.php?id=1143218"]
[Date "2013.1.21"]
[Round "-"]
[White "Camy"]
[Black "kite_like_manner"]
[Result "1-0"]
[WhiteElo "1674"]
[BlackElo "1130"]

1. e4 e5 2. Nf3 f5 3. Nxe5 d5 4. exd5 c5 5. Qh5+ g6 6. Bb5+ Nc6 7. Qe2 Qxd5 8.
Nxg6+ Qe6 9. Nxh8 a6 10. Bc4 Qe4 11. Qxe4+ fxe4 12. Bf7+ Ke7 13. Bxg8 Bg7 14.
Bxh7 Bxh8 15. Nc3 Be6 16. Nxe4 c4 17. O-O Kf7 18. Nd6+ Kg7 19. Be4 c3 20. bxc3
1-0

[Event "AUTO-OPEN-2895"]
[Site "http://www.queenalice.com/game.php?id=1143478"]
[Date "2013.1.21"]
[Round "1"]
[White "vinoseco"]
[Black "kite_like_manner"]
[Result "1-0"]
[WhiteElo "1626"]
[BlackElo "1081"]

1. e4 e5 2. Qh5 g6 3. Qxe5+ Qe7 4. Qxh8 Nf6 5. d3 d5 6. Bg5 Nbd7 7. Nf3 dxe4 8.
dxe4 Qxe4+ 9. Be2 Qb4+ 10. Nc3 Qxb2 11. O-O 1-0